000 00431cam a2200181ua 4500
001 5990
008 131030n ii |||gr||||Z||||||eng
040 _cMAIN
082 _a934
100 1 _aMahajan,Vidya Dhar,
_eAuthor.
245 1 1 _aAncient India
_cby Vidya Dhar Mahajan
250 _a5th ed.
260 _aDelhi:
_bS Chand & Co.,
_c1970.
300 _a711p.
653 _aIndia to 647
653 _aAncient India
942 _cBK
999 _c5144
_d5144